000 00752nam a2200253Ia 4500
003 OSt
005 20220918170125.0
006 a|||||r|||| 00| 0
007 ta
008 220917b |||||||| |||| 00| 0 eng d
020 _a9004105824 (hbk)
024 _a45,303
037 _cTextual
040 _aARTS
_cARTS
_beng
041 _2eng
_aeng
082 _aJv5.N, N7
245 0 _aMedieval farming and technology
_b the impact of agricultural change in Northwest Europe edited by Grenville Astill and John Langdon
260 _aLeiden
_bBrill
_c1997
300 _aviii,321p.
_ccm.
490 _aTechnology and change in history; v1
650 _aAGRICULTURE
_927
942 _hJv5.N, N7
_cTEXL
_2CC
999 _c132719
_d132719